Estado de Derecho en mutación: trabajos constitucionales, 1954-1973
Saved in:
| Hovedforfatter: | |
|---|---|
| Format: | Ukendt |
| Sprog: | engelsk spansk |
| Udgivet: |
Madrid
Tecnos
2015
|
| Udgivelse: | Primera edición |
| Serier: | Colección Clásicos del Pensamiento
v.137 |
| Fag: | |
| Tags: |
Tilføj Tag
Ingen Tags, Vær først til at tagge denne postø!
|
MARC
| LEADER | 00000 a2200000 4500 | ||
|---|---|---|---|
| 003 | CL-VaPUC | ||
| 005 | 20240410164449.0 | ||
| 008 | 191230b ||||| |||| 00| 0 eng d | ||
| 999 | |c 375964 |d 375962 | ||
| 020 | |a 9788430962808 | ||
| 040 | |c Pontificia Universidad Católica de Valparaíso | ||
| 041 | 0 | |a spa | |
| 082 | |a 342.43 FOR 2015 | ||
| 100 | |a Forsthoff, Ernst |9 392756 | ||
| 245 | |a Estado de Derecho en mutación: trabajos constitucionales, 1954-1973 | ||
| 250 | |a Primera edición | ||
| 260 | |b Tecnos |c 2015 |a Madrid | ||
| 300 | |a 455 p | ||
| 490 | |a Colección Clásicos del Pensamiento |v v.137 | ||
| 505 | 0 | |a Capítulo I. La República Federal de Alemania. Capítulo II. Estado de Derecho con balance deficitario de ideología estatal. Capítulo III. Las tensa relaciones entre la legalidad y el carácter social del Estado. Capítulo IV. El principio constitucional de la democracia. Capítulo V. Las transformaciones metódicas/metodológicas e institucionales del Estado de Derecho. Capítulo VI. Función y pretensiones de los juristas actuales. Capítulo VII. La procura existencial. Capítulo VIII. Gerhard Anschütz. In Memoriam. Fuentes bibliográficas. | |
| 583 | |k Hugo Gaete |c 20191230 | ||
| 650 | 0 | 0 | |a Estado de derecho |9 257795 |
| 650 | 0 | 0 | |a PARTICIPACION POLITICA |9 605008 |
| 650 | 0 | 0 | |a Poder ejecutivo |9 255177 |
| 942 | |2 ddc |c BK | ||
| 952 | |0 0 |1 0 |2 ddc |4 0 |6 342_430000000000000_FOR_2015 |7 0 |9 495155 |a BIBDER |b BIBDER |d 2019-12-26 |e 36 |g 23769.00 |i 5570638 |l 1 |o 342.43 FOR 2015 |p 5570638 |r 2023-01-25 |s 2022-06-23 |t 1 |v 23769.00 |w 2019-12-26 |y BK |k DER | ||